[Event "ITA-ch U20"]
[Site "Tarvisio"]
[Date "2023.07.06"]
[Round "6"]
[White "Togni, Alessandro"]
[Black "Mammi, Ottavio"]
[Result "0-1"]
[WhiteElo "1463"]
[BlackElo "1892"]
[PlyCount "70"]
[EventDate "2023.07.02"]
[EventType "swiss"]
[EventRounds "9"]
[EventCountry "ITA"]
[SourceTitle "EXT 2024"]
[Source "ChessBase"]
[SourceDate "2023.10.10"]
[SourceVersion "1"]
[SourceVersionDate "2023.10.10"]
[SourceQuality "1"]

1. e4 d5 2. exd5 Qxd5 3. Nc3 Qa5 4. d4 c6 5. Nf3 Nf6 6. Bd2 Qc7 7. Bc4 Bf5 8. 0-0 e6 9. h3 Nbd7 10. Nh4 Bg6 11. Nxg6 hxg6 12. Re1 0-0-0 13. Ne2 Bd6 14. Qc1 c5 15. dxc5 Bxc5 16. Bd3 Qb6 17. Be3 Bxe3 18. Qxe3 Qxe3 19. fxe3 Ne5 20. Red1 a6 21. Rab1 g5 22. Nc3 g4 23. Bf1 gxh3 24. gxh3 Nf3+ 25. Kf2 Nd2 26. Rbc1 Nxf1 27. Kxf1 Rxh3 28. Rxd8+ Kxd8 29. Ke2 Rh2+ 30. Kd3 g5 31. Rg1 g4 32. e4 Nd7 33. Ne2 Ne5+ 34. Ke3 Nc4+ 35. Kd3 Nxb2+ 0-1

[Event "ITA-ch U20"]
[Site "Tarvisio"]
[Date "2023.07.05"]
[Round "4"]
[White "Togni, Alessandro"]
[Black "Ballabio, Pietro"]
[Result "0-1"]
[WhiteElo "1463"]
[BlackElo "1878"]
[PlyCount "58"]
[EventDate "2023.07.02"]
[EventType "swiss"]
[EventRounds "9"]
[EventCountry "ITA"]
[SourceTitle "EXT 2024"]
[Source "ChessBase"]
[SourceDate "2023.10.10"]
[SourceVersion "1"]
[SourceVersionDate "2023.10.10"]
[SourceQuality "1"]

1. e4 c6 2. d4 d5 3. e5 Bf5 4. Nc3 e6 5. g4 Bg6 6. Nge2 c5 7. h4 h5 8. Nf4 Bh7 9. Nxh5 Nc6 10. Bb5 Qb6 11. Be3 a6 12. dxc5 Bxc5 13. Bxc5 Qxc5 14. Bxc6+ bxc6 15. Ne2 Qb4+ 16. Qd2 Qxb2 17. 0-0 Qxe5 18. f4 Qd6 19. Qd4 f6 20. Nxg7+ Kf7 21. Nh5 Bg6 22. Neg3 c5 23. Qf2 Ne7 24. Rae1 Bxh5 25. Nxh5 Rag8 26. Qf3 Rxh5 27. g5 Rxh4 28. Qg3 Nf5 29. Qc3 Rg4+ 0-1

[Event "Veneto Province-ch 82nd"]
[Site "Ceregnano"]
[Date "2023.01.29"]
[Round "4.9"]
[White "Ranieri, Guglielmo"]
[Black "Togni, Alessandro"]
[Result "1/2-1/2"]
[WhiteElo "1327"]
[BlackElo "1360"]
[PlyCount "42"]
[EventDate "2023.01.27"]
[EventType "swiss"]
[EventRounds "5"]
[EventCountry "ITA"]
[SourceTitle "EXT 2024"]
[Source "ChessBase"]
[SourceDate "2023.10.10"]
[SourceVersion "1"]
[SourceVersionDate "2023.10.10"]
[SourceQuality "1"]

1. e4 d5 2. exd5 Qxd5 3. Nc3 Qa5 4. Bc4 Nf6 5. d3 c5 6. h3 e6 7. Bf4 Nc6 8. Nf3 Bd7 9. 0-0 a6 10. a4 Be7 11. Qd2 0-0 12. Rfd1 Rfd8 13. Ne5 Bd6 14. Nxc6 Bxc6 15. Bxd6 Rxd6 16. Ne4 Qxd2 17. Nxf6+ gxf6 18. Rxd2 Rad8 19. a5 Bb5 20. b3 Kf8 21. Rb1 Ke7 1/2-1/2

[Event "Veneto Province-ch 82nd"]
[Site "Ceregnano"]
[Date "2023.01.28"]
[Round "3.7"]
[White "Togni, Alessandro"]
[Black "Bena, Ermanno"]
[Result "1/2-1/2"]
[WhiteElo "1360"]
[BlackElo "1683"]
[PlyCount "102"]
[EventDate "2023.01.27"]
[EventType "swiss"]
[EventRounds "5"]
[EventCountry "ITA"]
[SourceTitle "EXT 2024"]
[Source "ChessBase"]
[SourceDate "2023.10.10"]
[SourceVersion "1"]
[SourceVersionDate "2023.10.10"]
[SourceQuality "1"]

1. e4 e6 2. d4 d5 3. e5 c5 4. c3 cxd4 5. cxd4 Bb4+ 6. Bd2 Qb6 7. Bxb4 Qxb4+ 8. Qd2 Qxd2+ 9. Nxd2 Nc6 10. Ngf3 Nge7 11. Rc1 Bd7 12. Nb3 Rc8 13. a3 b6 14. Bd3 0-0 15. 0-0 Rfd8 16. Rc3 Nb8 17. Rfc1 Rxc3 18. Rxc3 Rc8 19. Rxc8+ Bxc8 20. Kf1 h6 21. Ke2 Kf8 22. Kd2 Ke8 23. Ng1 a5 24. Ne2 Ba6 25. Nc3 Bc4 26. Kc2 Bxb3+ 27. Kxb3 Nbc6 28. Nb5 Nc8 29. Kc3 Kd7 30. f4 f5 31. g3 N8a7 32. Nd6 Nc8 33. Nxc8 Kxc8 34. Bb5 Ne7 35. Be8 Kc7 36. a4 Kd8 37. Bf7 Kd7 38. b4 Nc6 39. b5 Nb8 40. Kd3 Ke7 41. Bh5 Nd7 42. Ke3 Nf8 43. h3 g6 44. Be2 Nh7 45. h4 g5 46. h5 Kf7 47. g4 gxf4+ 48. Kxf4 fxg4 49. Bxg4 Ng5 50. Bd1 Ne4 51. Bc2 Ng5 1/2-1/2